000 006320000a22001690004500
003 MACL
005 20160216155458.0
008 160216b xxu||||| |||| 00| 0 eng d
040 _aMACL
_cMACL
041 _aHindi
082 _a300
100 _aज्‍वेरेव ए. जी.
_938534
245 _aसोवियत मेहनतकश जनता के मंजुरी के अलावा क्‍या-क्‍या मिलता है
260 _bसोवियत भृमि पुस्‍तक
_c1959
_aनई दिल्‍ली
650 _aSociology
_938535
942 _cHIN
_k300
_2ddc
999 _c25179
_d25179